Actors by IMDb Name Search - Statistics

General Stats
  • This quiz has been taken 83 times
  • The average score is 7 of 20
Answer Stats
name surname % Correct
Harrison Ford
90%
Anthony Hopkins
81%
Willem Dafoe
73%
Ben Affleck
68%
Javier Bardem
67%
Will Smith
66%
Jack Nicholson
58%
Warren Beatty
48%
Susan Sarandon
47%
Mark Wahlberg
39%
Robert Downey, Jr
30%
Donald Glover
27%
Michael Fassbender
11%
Margaret Qualley
10%
David Schwimmer
8%
Mia Wasikowska
8%
Shirley Henderson
4%
Jane Levy
4%
Paul Greene
1%
John McGinley
1%
No matching quizzes found
Score Distribution
Percent of People with Each Score
Percentile by Number Answered
Your Score History
You have not taken this quiz